Central Library OPAC University of Rajshahi

সমকালীন গণমাধ্যম স্বাধীনতা দায়িত্ব করপোরেট পুঁজি / (Record no. 76432)

MARC details
000 -LEADER
fixed length control field 00890nam a22002297a 4500
001 - CONTROL NUMBER
control field 76432
003 - CONTROL NUMBER IDENTIFIER
rucl marc code BD-RjUL
005 - DATE AND TIME OF LATEST TRANSACTION
control field 20211209082837.0
008 - FIXED-LENGTH DATA ELEMENTS--GENERAL INFORMATION
fixed length control field 191204s2012 bg ||||| |||| 00| 0 ben d
020 ## - INTERNATIONAL STANDARD BOOK NUMBER
International Standard Book Number 9847013801450
035 ## - SYSTEM CONTROL NUMBER
System control number (BD-RjUL)76653
040 ## - CATALOGING SOURCE
Original cataloging agency BD-RjUL
Language of cataloging eng
Transcribing agency BD-RjUL
041 ## - LANGUAGE CODE
Language code of text/sound track or separate title eng
082 ## - DEWEY DECIMAL CLASSIFICATION NUMBER
Edition number 23
Classification number 302.23095492
Author mark and year MUS 2012
100 ## - MAIN ENTRY--PERSONAL NAME
Personal name মুৎসুদ্দী, চিন্ময়
9 (RLIN) 236003
245 ## - TITLE STATEMENT
Title সমকালীন গণমাধ্যম স্বাধীনতা দায়িত্ব করপোরেট পুঁজি /
Statement of responsibility, etc. চিন্ময় মুৎসুদ্দী
260 ## - PUBLICATION, DISTRIBUTION, ETC. (IMPRINT)
Place of publication, distribution, etc. ঢাকা :
Name of publisher, distributor, etc. বিদ্যাপ্রকাশ,
Date of publication, distribution, etc. ২০১২
300 ## - PHYSICAL DESCRIPTION
Pagination ১৫৫ পৃ. ;
Size ২২ সেমি.
650 ## - SUBJECT ADDED ENTRY--TOPICAL TERM
Topical term or geographic name as entry element Mass media
Geographic subdivision Bangladesh
9 (RLIN) 236004
Topical term or geographic name as entry element Communication
General subdivision Social aspects
9 (RLIN) 236005
942 ## - ADDED ENTRY ELEMENTS (KOHA)
Source of classification or shelving scheme Dewey Decimal Classification
Koha item type Books
Holdings
Lost status Source of classification or shelving scheme Damaged status Not for loan Permanent Location Current Location Shelving location Date acquired Source of acquisition Cost, normal purchase price Total Checkouts Full call number Date last seen Copy number Koha item type
  Dewey Decimal Classification   Not For Loan Central Library, University of Rajshahi Central Library, University of Rajshahi Reading Room 05/09/2019 Vidyasagar, Rajshahi 250.00   B 302.23095492 MUS 2012 04/12/2019 C-1 Books